000 00636pam a2200217 a 4500
001 1036144
005 20180313084022.0
008 890725s1990 maua b 001 0 eng
010 _a 89017685
020 _a0205121020
040 _aDLC
_cDLC
_dDLC
041 _aeng
080 _a658.85 MAN
082 0 0 _a658.85 MAN
_220
100 1 _a60
101 _aSHIT
245 1 0 _aSelling today :
_cGerald L. Manning, Barry L. Reece.
504 _aIncludes bibliographical references and index.
906 _a7
_bcbc
_corignew
_d1
_eocip
_f19
_gy-gencatlg
942 _2ddc
_cBK
999 _c44897
_d44897